مكتبة جامعة عجلون الوطنية

فهرس بحث المكتبة

تحقيق القضية في الفرق بين الرشوة والهدية (Record no. 22394)

MARC details
000 -LEADER
fixed length control field 01012nam a2200217Ii 4500
003 - CONTROL NUMBER IDENTIFIER
control field JO-AjNU
008 - FIXED-LENGTH DATA ELEMENTS--GENERAL INFORMATION
fixed length control field 230605s9999||||xx |||||||||||||| ||und||
040 ## - CATALOGING SOURCE
Original cataloging agency JO-AjNU
Language of cataloging ara
Description conventions rda
Transcribing agency JO-AjNU
041 ## - LANGUAGE CODE
Language code of text/sound track or separate title ara
050 14 - LIBRARY OF CONGRESS CALL NUMBER
Classification number BP144.N3257 1985
100 3# - MAIN ENTRY--PERSONAL NAME
Personal name النابلسي، عبد الغني بن اسماعيل ، تحقيق محمد عمر فائق ، مراجعة عبد الستار أبو غدة,
Relator term author
9 (RLIN) 43741
245 00 - TITLE STATEMENT
Title تحقيق القضية في الفرق بين الرشوة والهدية
250 ## - EDITION STATEMENT
Edition statement ط2
264 31 - PRODUCTION, PUBLICATION, DISTRIBUTION, MANUFACTURE, AND COPYRIGHT NOTICE
Place of production, publication, distribution, manufacture الكويت: وزارة الأوقاف والشؤون الإسلامية، 1985
300 ## - PHYSICAL DESCRIPTION
Extent 263ص
Other physical details يشتمل على ملحق (ص2015-224) ، يشتمل على فهارس(ص225-258)
336 ## - CONTENT TYPE
Content type term text
Content type code txt
Source rdacontent
337 ## - MEDIA TYPE
Media type term unmediated
Media type code n
Source rdamedia
338 ## - CARRIER TYPE
Carrier type term volume
Carrier type code nc
Source rdacarrier
490 0# - SERIES STATEMENT
Series statement تحقيق التراث الفقهي 4
650 #4 - SUBJECT ADDED ENTRY--TOPICAL TERM
Topical term or geographic name entry element الرشوة- الهدايا- الاخلاق الاسلامية- الفقه الاسلامي
9 (RLIN) 43742
Holdings
Withdrawn status Lost status Source of classification or shelving scheme Damaged status Not for loan Home library Current library Shelving location Date acquired Total Checkouts Full call number Barcode Date last seen Price effective from Koha item type
    Library of Congress Classification     مكتبة جامعة عجلون الوطنية مكتبة جامعة عجلون الوطنية المجموعات العامة 06/06/2023   BP144.N3257 1985 A18826 06/06/2023 06/06/2023 Books